| 000 | 00000nam 2200000za 4500 |
| 001 | 9.846286 |
| 003 | CaOODSP |
| 005 | 20221107153150 |
| 007 | cr ||||||||||| |
| 008 | 171027s1934 onc |o f|0| 0 eng d |
| 040 | |aCaOODSP|beng |
| 041 | |aeng|bfre |
| 043 | |an-cn--- |
| 086 | 1 |aCS63-D-87/1934-PDF |
| 245 | 00|aRetail services in Canada, 1930 |h[electronic resource]. |
| 246 | 15|aServices de détail au Canada en 1930 |
| 260 | |aOttawa : |bDominion Bureau of Statistics, |c1934. |
| 300 | |a26 p. |
| 500 | |aCover title. |
| 500 | |aDigitized edition from print [produced by Statistics Canada]. |
| 546 | |aText in English and French with separate title pages. |
| 692 | 07|2gccst|aRetail trade |
| 710 | 1 |aCanada. |bDominion Bureau of Statistics. |bCensus of Merchandising and Service Establishments. |
| 792 | |tRetail services in Canada, 1930 |efre|w(CaOODSP)9.846372 |
| 856 | 40|qPDF|s4.73 MB|uhttps://publications.gc.ca/collections/collection_2017/statcan/CS63-D-87-1934.pdf |
| 986 | |a63-D-87 |